Epidemiology of cervical cancer in Colombia /

保存先:
書誌詳細
第一著者: Muñoz, Nubia
その他の著者: Bravo, Luis Eduardo
フォーマット: テキスト
タグ: タグ追加
タグなし, このレコードへの初めてのタグを付けませんか!

MARC

LEADER 00000 a a2200000 04500
001 47546
003
040
100 |a Muñoz, Nubia  
245 |a Epidemiology of cervical cancer in Colombia /  |c Nubia Muñoz, Luis Eduardo Bravo  
700 |a Bravo, Luis Eduardo  
773 |a volumen56, número5, (2014), páginas 431-439  
999 |c 31686  |d 31686